Normal view
MARC view
Entry Personal Name
001 - CONTROL NUMBER
- control field: 27271
003 - CONTROL NUMBER IDENTIFIER
- control field: ARRUPE
005 - DATE AND TIME OF LATEST TRANSACTION
- control field: 20161103113734.0
008 - FIXED-LENGTH DATA ELEMENTS
- fixed length control field: 161103|| aca||aabn | a|a d
040 ## - CATALOGING SOURCE
- Original cataloging agency: ARRUPE
- Transcribing agency: ARRUPE
100 ## - HEADING--PERSONAL NAME
- Personal name: Wolrige, Gordon Anne
670 ## - SOURCE DATA FOUND
- Source citation: Work cat.: (ARRUPE)125640: Gordon, Anne Wolrige 27201, Peter Howard & life letters, 1969